Normal view
MARC view
- Maj Amir Shahzad
Entry Personal Name
001 - CONTROL NUMBER
- control field: 50916
003 - CONTROL NUMBER IDENTIFIER
- control field: NUST
005 - DATE AND TIME OF LATEST TRANSACTION
- control field: 20210314134840.0
008 - FIXED-LENGTH DATA ELEMENTS
- fixed length control field: 210314|| aca||aabn | a|a d
040 ## - CATALOGING SOURCE
- Original cataloging agency: NUST
- Transcribing agency: NUST
100 ## - HEADING--PERSONAL NAME
- Personal name: Maj Amir Shahzad
670 ## - SOURCE DATA FOUND
- Source citation: Work cat.: (NUST): Maj Amir Shahzad, Structural Analysis CE-206, 2015.
